[Event "74th Tata Steel GMB"]
[Site "Wijk aan Zee NED"]
[Date "2012.01.19"]
[Round "5"]
[White "Cmilyte, Viktorija"]
[Black "Reinderman, Dimitri"]
[Result "1/2-1/2"]
[WhiteTitle "GM"]
[BlackTitle "GM"]
[WhiteElo "2503"]
[BlackElo "2581"]
[WhiteFideId "12801259"]
[BlackFideId "1001302"]
[EventDate "2012.01.14"]

1. d4 e6 2. c4 b6 3. a3 Bb7 4. Nc3 f5 5. d5 Be7 6. g3 Bf6 7. Bd2 Ne7 8. Bg2 Nc8
9. Nh3 Nd6 10. b3 Na6 11. Qc2 O-O 12. O-O Qe7 13. Rad1 c6 14. dxe6 dxe6 15. Nf4
Rad8 16. Nh5 Bg5 17. Bxg5 Qxg5 18. Nf4 Qe7 19. e3 e5 20. Nfe2 e4 21. g4 fxg4 22.
Nxe4 Nf5 23. Rxd8 Rxd8 24. Rd1 Rf8 25. c5 Nh4 26. Qc4+ Kh8 27. Nf4 Nxg2 28. Kxg2
Nc7 29. Nd6 Nd5 30. Qe4 Qxe4+ 31. Nxe4 Nxf4+ 32. exf4 Bc8 33. Rd6 Bf5 34. Nd2
bxc5 35. Rxc6 Rd8 36. Rxc5 g6 37. Nc4 Rd3 38. Ne3 Rxb3 39. Ra5 Be4+ 40. Kg3 h5
41. Rxa7 Rb2 42. Re7 Bd3 43. a4 Ra2 44. Ra7 Kg8 45. a5 Kf8 46. Nd5 Be4 47. Nb6
Bf5 48. Nc4 g5 49. fxg5 h4+ 50. Kxh4 Rxf2 51. a6 Rxh2+ 52. Kg3 Ra2 53. Ne3 Bd3
54. Ra8+ Kf7 55. a7 Be4 56. g6+ Kxg6 57. Re8 Bb7 58. Kxg4 Rxa7 59. Re6+ Kf7 60.
Rb6 1/2-1/2

[Event "74th Tata Steel GMB"]
[Site "Wijk aan Zee NED"]
[Date "2012.01.19"]
[Round "5"]
[White "Tiviakov, Sergei"]
[Black "Nyzhnyk, Illya"]
[Result "1/2-1/2"]
[WhiteTitle "GM"]
[BlackTitle "GM"]
[WhiteElo "2677"]
[BlackElo "2568"]
[WhiteFideId "1008013"]
[BlackFideId "14118084"]
[EventDate "2012.01.14"]

1. e4 e6 2. d4 d5 3. Nd2 c5 4. exd5 Qxd5 5. Ngf3 cxd4 6. Bc4 Qd8 7. Nb3 Nc6 8.
Nbxd4 Nxd4 9. Nxd4 a6 10. O-O Bd6 11. Nf3 b5 12. Bd3 Nf6 13. b3 Bb7 14. Bb2 O-O
15. Re1 Bb4 16. Re5 Qc7 17. c4 bxc4 18. Bxc4 Rfd8 19. Qe2 Bd6 20. Rg5 h6 21.
Bxf6 hxg5 22. Bxd8 Rxd8 23. h3 Bxf3 24. Qxf3 a5 25. Rd1 Bc5 26. Rxd8+ Qxd8 27.
g3 g6 28. Kg2 Qd4 29. a4 Kg7 30. Kf1 Qd2 1/2-1/2

[Event "74th Tata Steel GMB"]
[Site "Wijk aan Zee NED"]
[Date "2012.01.19"]
[Round "5"]
[White "Harika, Dronavalli"]
[Black "Bruzon Batista, Lazaro"]
[Result "0-1"]
[WhiteTitle "GM"]
[BlackTitle "GM"]
[WhiteElo "2516"]
[BlackElo "2691"]
[WhiteFideId "5015197"]
[BlackFideId "3503739"]
[EventDate "2012.01.14"]

1. d4 Nf6 2. c4 g6 3. Nc3 Bg7 4. e4 d6 5. f3 O-O 6. Nge2 a6 7. Be3 c6 8. c5 b5
9. cxb6 Nbd7 10. Nf4 Nxb6 11. Be2 a5 12. O-O a4 13. Rc1 Nfd7 14. b3 axb3 15.
axb3 Bb7 16. Nd3 Ra3 17. Nb1 Ra1 18. Nd2 Rxc1 19. Qxc1 Qa8 20. Nc4 Qa2 21. Qb2
Ra8 22. Qxa2 Rxa2 23. Nc1 Nxc4 24. Bxc4 Ra3 25. Rd1 d5 26. Be2 e6 27. Kf2 h5 28.
Rd2 Kf8 29. Bd1 Ra1 30. Nd3 Ke8 31. e5 Bf8 32. g4 Ba6 33. gxh5 gxh5 34. f4 h4
35. Be2 Ra3 36. Rc2 Rxb3 37. Nc1 Rb6 38. Bh5 Bc4 39. f5 c5 40. fxe6 Rxe6 41. Bg4
cxd4 42. Bxd4 Rg6 43. Be2 h3 44. Rc3 Rg2+ 45. Kf1 Rxh2 46. Bxc4 dxc4 47. Ne2
Rh1+ 48. Kf2 h2 49. Kg2 Rd1 50. Kxh2 Rd2 51. Re3 Nc5 52. Kg2 Bh6 53. Rh3 Rxe2+
54. Kf1 Ne6 0-1

[Event "74th Tata Steel GMB"]
[Site "Wijk aan Zee NED"]
[Date "2012.01.19"]
[Round "5"]
[White "Potkin, Vladimir"]
[Black "Vocaturo, Daniele"]
[Result "1/2-1/2"]
[WhiteTitle "GM"]
[BlackTitle "GM"]
[WhiteElo "2684"]
[BlackElo "2545"]
[WhiteFideId "4131061"]
[BlackFideId "813192"]
[EventDate "2012.01.14"]

1. d4 Nf6 2. c4 e6 3. Nf3 d5 4. Nc3 Bb4 5. Bg5 Nbd7 6. cxd5 exd5 7. Qc2 c5 8. g3
cxd4 9. Nxd4 Qb6 10. Rd1 Ne4 11. Be3 O-O 12. Bg2 Ndf6 13. O-O Bxc3 14. bxc3 Bd7
15. Nb3 Qe6 16. Bd4 Rfc8 17. Rfe1 Rc7 18. Qb2 b6 19. Nd2 Rac8 20. Nxe4 dxe4 21.
e3 Ne8 22. c4 Rxc4 23. Rc1 Rxc1 24. Rxc1 Rxc1+ 25. Qxc1 Bb5 26. Qa3 a6 27. Qb2
Qc6 28. h3 f6 29. g4 Kf7 30. Qb3+ Kf8 31. Qb4+ Kf7 32. Qb3+ Ke7 33. Qb4+ Nd6 34.
g5 Ke6 35. gxf6 gxf6 36. Qb3+ Bc4 37. Qd1 f5 38. Qh5 Qd7 39. Bxb6 Bxa2 40. h4
Bc4 41. Qh6+ Kd5 42. Qf6 Kc6 43. Ba5 Qf7 44. Qd4 Qb7 45. Qf6 Qb5 46. Qd8 Qb1+
47. Kh2 Qb2 48. Qa8+ Qb7 49. Qd8 Qd7 50. Qf6 Qe6 51. Qd4 Nc8 52. Bb4 Qd5 53. Qh8
Qd7 54. h5 Nb6 55. h6 Qf7 56. Bh3 Be6 57. Qg7 Qc7+ 58. Qxc7+ Kxc7 59. Ba5 Kc6
60. Kg3 Nc4 61. Bc3 f4+ 62. exf4 Bxh3 63. Kxh3 e3 64. fxe3 Nxe3 65. Kh4 Kd5 66.
Kg5 Ke6 67. Bd2 Nf5 68. Bb4 Ng3 69. Kg4 Nf5 70. Kg5 Ne3 71. Bd2 Nc4 72. f5+ Kf7
73. Bc3 a5 74. Kf4 a4 75. f6 Nd6 76. Ke3 Kg6 77. Kd3 Kxh6 78. Be5 Nf7 79. Bg3
Kg5 80. Kc4 Kxf6 81. Kb4 Kg5 82. Kxa4 Kg4 83. Be1 Ng5 84. Kb4 Ne4 85. Kc4 Ng3
86. Kd3 Kf3 87. Ba5 h5 88. Bd8 Nf5 89. Kd2 h4 90. Bxh4 1/2-1/2